| 000 | 00499nam a2200205Ia 4500 | ||
|---|---|---|---|
| 008 | 170918s9999 xx 000 0 und d | ||
| 020 | _a9780545552998 | ||
| 050 | _bC971 2014 | ||
| 100 | _aCummings, Troy | ||
| 245 | _aChomp of the meat-eating vegetables / | ||
| 245 | _cby Troy Cummings. | ||
| 260 | _aNew York : | ||
| 260 | _bScholastic, | ||
| 260 | _c2014 | ||
| 300 | _a89 pages : | ||
| 300 | _billustrations ; | ||
| 300 | _c19cm. | ||
| 300 | _eThe notebook of doom ; | ||
| 440 | _a4 | ||
| 999 |
_c344291 _d344291 |
||